Wyspy Jońskie - Statystyki

Ogólne statystyki
  • Ten quiz został rozwiązany 3 razy
  • Średni wynik to 3 z 7
Statystyki odpowiedzi
Hint Odpowiedź % Poprawnych
592 km2 Korfu
100%
402 km2 Zakintos
100%
781 km2 Kefalonia
50%
354 km2 Leukada
50%
96 km2 Itaka
0%
279 km2 Kithira
0%
19 km2 Paksos
0%
Nie znaleziono quizów pasujących do podanych kryteriów
Rozkład punktacji
Procent ludzi z każdym wynikiem
Percentyl według liczby udzielonych odpowiedzi
Twoja historia wyników
Nie rozwiązałeś tego quizu